BIBLIOTECA

SENCICO

Topografía / (Registro nro. 509)

Detalles MARC
000 -LEADER
fixed length control field 02120nam a2200289Ia 4500
003 - CONTROL NUMBER IDENTIFIER
control field PE SENCICO BE
005 - DATE AND TIME OF LATEST TRANSACTION
control field 20251020182440.0
008 - FIXED-LENGTH DATA ELEMENTS--GENERAL INFORMATION
fixed length control field 200515s9999 xx 000 0 und d
020 ## - INTERNATIONAL STANDARD BOOK NUMBER
International Standard Book Number 978-958-778-209-7
040 ## - CATALOGING SOURCE
Original cataloging agency PE SENCICO BE
Transcribing agency PE SENCICO BE
041 ## - LANGUAGE CODE
Language code of text/sound track or separate title spa
082 ## - DEWEY DECIMAL CLASSIFICATION NUMBER
Classification number 526.9
Item number W82
Edition information 2016
100 1# - MAIN ENTRY--PERSONAL NAME
Personal name Wolf, Paul R.
9 (RLIN) 119
Relator term autor
245 10 - TITLE STATEMENT
Title Topografía /
Statement of responsibility, etc. Paul R. Wolf, Charles D. Ghilani
250 ## - EDITION STATEMENT
Edition statement 14a ed.
260 ## - PUBLICATION, DISTRIBUTION, ETC.
Place of publication, distribution, etc. México, D.F.:
Name of publisher, distributor, etc. Alfaomega,
Date of publication, distribution, etc. 2016.
300 ## - PHYSICAL DESCRIPTION
Extent 936 p.:
Other physical details il., tbl., graf.,
Dimensions 23 cm.
505 0# - FORMATTED CONTENTS NOTE
Formatted contents note Unidades, cifras significativas y notas de campo -- Teoría de los errores en la medición -- Nivelación: teoría métodos y equipos -- Nivelación: procedimientos de campo y cálculo -- Medición de distancias -- Ángulos, rumbos y acimutes -- Instrumentos de estación total; medición de ángulos -- Poligonales -- Cálculo de poligonales -- Geometría analítica en los cálculos topográficos -- Determinación de áreas -- Sistemas satelitales de navegación global: introducción y principios de operación -- Sistemas satelitales de navegación global: levantamientos -- Sistemas satelitales de navegación global: levantamientos cinemáticos -- Ajuste con mínimos cuadrados -- Levantamientos de configuración -- Cartografía -- Levantamientos de control y reducciones geodésicas -- Coordenadas planas estatales y otras proyecciones cartográficas -- Levantamientos catastratales o deslindes -- Levantamientos de tierra de jurisdicción federal -- Levantamientos para construcciones -- Curvas horizontales -- Curvas verticales -- Determinación de volúmenes (cubicaciones) -- Fotogrametría -- Introducción a los sistemas de información geográfica
520 3# - SUMMARY, ETC.
Summary, etc. Expone los conceptos básicos y material práctico en cada una de las áreas fundamentales para la topografía moderna (geomática).
650 10 - SUBJECT ADDED ENTRY--TOPICAL TERM
Topical term or geographic name entry element Topografía
9 (RLIN) 4
650 20 - SUBJECT ADDED ENTRY--TOPICAL TERM
Topical term or geographic name entry element Fotogrametría
9 (RLIN) 120
650 20 - SUBJECT ADDED ENTRY--TOPICAL TERM
Topical term or geographic name entry element Cartografía
9 (RLIN) 1
650 20 - SUBJECT ADDED ENTRY--TOPICAL TERM
Topical term or geographic name entry element Levantamiento topográfico
9 (RLIN) 116
650 20 - SUBJECT ADDED ENTRY--TOPICAL TERM
Topical term or geographic name entry element Comunicaciones digitales
9 (RLIN) 3247
700 1# - ADDED ENTRY--PERSONAL NAME
9 (RLIN) 122
Personal name Ghilani, Charles D.
Relator term autor
942 ## - ADDED ENTRY ELEMENTS (KOHA)
Koha item type Libros
Source of classification or shelving scheme Dewey Decimal Classification
Existencias
Fecha de la última vez que lo usaron Número de ingreso o de inventario Pago total Signatura topográfica completa Código de barras Precio efectivo desde Tipo de documento Estado perdido Sistema de clasificación Estado dañado No es para préstamo Retirado Ubicación permanente Ubicación actual Fecha de adquisición Número de ejemplar
15/05/2020 16248   526.9/W82/2016 BibLima25080001 15/05/2020 Libros   Dewey Decimal Classification       Biblioteca Central Lima Biblioteca Central Lima 19/03/2019  
28/11/2022 16376   526.9/W82/2016/ej. 2 BibLima25080002 28/11/2022 Libros   Dewey Decimal Classification       Biblioteca Central Lima Biblioteca Central Lima 01/10/2019 2